1792 1633 1674 1039 1251 1472 1094 1564 1498 1727 1988 1245 1884 1060 1123 1722 1355 1239 1823 1456 1550 1383 1903 1901 1718 1984 1113 1510 1844 1254 1294 1883 1331 1679 1400 1228 1062 1594 1560 1365 1122 1984 1579 1232 1063 1390 1463 1007 1394 1949 1821 1744 1789 1849 1832 1627 1564 1189 1104 1566 1909 1526 1229 1164 1219 1417 1289 1925 1498 1427 1989 1283 1664 1695 1895 1937 1217 1173 1996 1069 1451 1256 1647 1819 1956 1474 1299 1496 1230 1732 1452 1928 1130 1116 1439 1341 1673 1630 1779 BCNSPRNW ULIB Ver.6.0+V

เปลี่ยนเป็นภาษาไทย

Change to English
 แสดงรายละเอียดบรรณานุกรม
  กลับหน้าหลัก

Brief Record : Get Marc (ISO 2709) : E-mail record : QR code < ปิดหน้าต่าง
LEADER : 00000nam 2200000uu 4500
001    13399125185
003     ULIB
008    161104s2558||||th 000 0 tha d
099    ^aวจ.WY157^bจ238ก
100 0  ^aจันทิมา ครุธดิลกานันท์
245 00 ^aการพัฒนากิจกรรมการเรียนการสอนเรื่องทักษะการทำคลอดปกติโดยใช้โมเดลซิปปา (CIPPA model) สำหรับนักศึกษาพยาบาลชั้นปีที่ 4 /^cจันทิมา ครุธดิลกานันท์
260    ^aพิษณุโลก :^bวิทยาลัยพยาบาลบรมราชชนนี พุทธชินราช ,^2558
300    ^a35 หน้า :^bตาราง
500    ^aรายงานการวิจัย
710 1  ^aวิทยาลัยพยาบาลบรมราชชนนี พุทธชินราช
945    ^p0^l0^i001463
999    ^aวรรณษา ชูชัยมงคล
รายการนี้ยังไม่มีแท็ก
คุณยังไม่ได้ล็อกอิน คุณสามารถมีกิจกรรมร่วมกับเว็บไซต์ได้ แต่ต้องล็อกอินก่อน ::
  ล็อกอิน

รายการสื่อสารสนเทศ

ลำดับที่ ประเภท เลขเรียก/บาร์โค้ด สถานที่ สถานะ
1. งานวิจัย
งานวิจัย
วจ.WY157 จ238ก ฉ.1 
  Barcode: 001463
ห้องสมุดวิทยาเขตสวรรค์ประชารักษ์
►วิจัย
บนชั้น

BibComment


ยังไม่เคยถูกคอมเมนท์

คอมเมนท์ทรัพยากรรายการนี้
  คอมเมนท์: การพัฒนากิจกรรมก..


 Copyright 2026. Bcnsprnw @Library